00513nam a22001337a 4500082001200000100002500012245009700037260004100134650003300175700004800208942000700256999001900263952009700282 a200 THE aMuhammad Usman94544 aTH-SOF-1199-Designing a Framework for Standardization of Ophthalmic Imaging Data using DICOM aIslamabadbNUST College of EMEc2015 a MS-CSE-13 MSTHESIS969839 aSupervison Dr. Muhammad Usman Akram970153 cCF c577480d577480 00104070aCEMEbCEMEcREFd2019-11-28l0o200 THEpTH-SOF-1199r2021-06-28w2021-06-28yCF